000 00797nam a2200289Ia 4500
001 5804
003 IT-RoPAU
008 130308s9999 xx 000 0 und d
040 _aIT-RoPAU
040 _cIT-RoPAU
041 _aITALIANO
100 _aBernardini Aldo
100 _gCodice Aut. SPICS: 9274
245 _aIndustrializzazione e classi sociali nel primo cinema italiano
245 _bNono premio internazionale Flaiano
250 _a1a ed.
260 _aPESCARA
260 _bOggi E Domani
260 _c1982 [1° Ed.:1982 - Ed.Ling.Originale:1982]
300 _a"11 p. (prefazione: no ; testo: 11 [pagine: 68-78])"
650 _aMANIFESTAZIONI CINEMATOGRAFICHE
650 _eCodice materia Spics: 6815
942 _cBK
957 _71
999 _c56590
_d56590
999 _bSI
999 _g1